[Event "Wch Seniors 50 31st"]
[Site "Terassini"]
[Date "2023.11.02"]
[Round "8"]
[White "Dieu, Bruno"]
[Black "Kalisky, Vladimir"]
[Result "0-1"]
[WhiteElo "2221"]
[BlackElo "2169"]
[PlyCount "126"]
[EventDate "2023.10.25"]
[EventType "swiss"]
[EventRounds "11"]
[EventCountry "ITA"]
[SourceTitle "Mega2024 Update 01"]
[Source "Chessbase"]
[SourceDate "2023.11.12"]
[SourceVersion "1"]
[SourceVersionDate "2023.11.12"]
[SourceQuality "1"]

1. d4 d5 2. Nc3 Nf6 3. Bf4 c6 4. e3 Bf5 5. f3 h6 6. g4 Bh7 7. h4 e6 8. Bd3 Bd6 9. Nge2 Bxd3 10. cxd3 Bxf4 11. Nxf4 Nbd7 12. Kf2 e5 13. dxe5 Nxe5 14. d4 Nc4 15. b3 Nd6 16. Qd3 Qa5 17. g5 Qxc3 18. gxf6 Qxd3 19. Nxd3 gxf6 20. Nf4 Ke7 21. Rae1 f5 22. Nd3 Rae8 23. a4 Rhg8 24. Rc1 Rg7 25. Nf4 Reg8 26. Rh2 a6 27. Nh5 Rh7 28. Rg1 Rxg1 29. Kxg1 Ne8 30. Rg2 Rh8 31. a5 Kf8 32. Kf2 Nc7 33. Ng7 f4 34. exf4 Rg8 35. Nf5 Rxg2+ 36. Kxg2 Ne6 37. Kf2 h5 38. Ke3 Ng7 39. Nxg7 Kxg7 40. f5 Kf6 41. Kf4 Ke7 42. Kg5 f6+ 43. Kf4 b6 44. axb6 Kd7 45. Ke3 Kc8 46. Kd3 Kb7 47. Kc3 a5 48. Kc2 Kxb6 49. Kd3 Kb5 50. Kc3 c5 51. dxc5 Kxc5 52. Kd3 d4 53. Ke4 Kb4 54. Kxd4 Kxb3 55. Kd5 a4 56. Ke6 a3 57. Kxf6 a2 58. Kg6 a1Q 59. f6 Qg1+ 60. Kh7 Qc5 61. Kg8 Qc8+ 62. Kg7 Qc3 63. f4 Kc4 0-1

[Event "FRA-ch Blitz"]
[Site "Asnieres sur Seine"]
[Date "2023.06.24"]
[Round "4"]
[White "Dieu, Bruno"]
[Black "Bacrot, Etienne"]
[Result "0-1"]
[WhiteElo "2251"]
[BlackElo "2672"]
[PlyCount "106"]
[EventDate "2023.06.24"]
[EventType "swiss (blitz)"]
[EventRounds "13"]
[EventCountry "FRA"]
[SourceTitle "CBM 214 Extra"]
[Source "ChessBase"]
[SourceDate "2023.07.31"]
[SourceVersion "1"]
[SourceVersionDate "2023.07.31"]
[SourceQuality "1"]

1. Nc3 c5 2. Nf3 Nc6 3. d4 cxd4 4. Nxd4 Nf6 5. Nxc6 bxc6 6. g3 g6 7. Bg2 Bg7 8. 0-0 0-0 9. Na4 Qa5 10. c4 Rb8 11. Bd2 Qh5 12. e4 d6 13. Qxh5 Nxh5 14. Rab1 Nf6 15. e5 dxe5 16. Bxc6 Bf5 17. Rbc1 Rfc8 18. Bg2 Bd3 19. Rfe1 Rxc4 20. Rxc4 Bxc4 21. b3 Bb5 22. Rxe5 Bxa4 23. bxa4 Rb2 24. Be3 e6 25. Ra5 Ng4 26. Bxa7 Rxa2 27. h3 Ra1+ 28. Bf1 Ne5 29. Bc5 Nf3+ 30. Kg2 Ne1+ 31. Kh2 Bc3 32. Ra8+ Kg7 33. Bb6 Nf3+ 34. Kg2 Ne1+ 35. Kh2 Nf3+ 36. Kg2 Bd4 37. Bxd4+ Nxd4 38. a5 e5 39. a6 e4 40. Rd8 Nf3 41. Rd7 Ne1+ 42. Kg1 Nf3+ 43. Kg2 Kf6 44. g4 Ke6 45. Rd8 Nh4+ 46. Kg1 f5 47. gxf5+ gxf5 48. Rh8 Nf3+ 49. Kg2 Ne1+ 50. Kg1 f4 51. Rxh7 e3 52. fxe3 fxe3 53. Rh4 Nf3+ 0-1

[Event "EU-ch Seniors 50 22nd"]
[Site "Acqui Terme"]
[Date "2023.05.31"]
[Round "6"]
[White "Dieu, Bruno"]
[Black "Battistella, Stefano"]
[Result "0-1"]
[WhiteElo "2251"]
[BlackElo "2006"]
[PlyCount "88"]
[EventDate "2023.05.26"]
[EventType "swiss"]
[EventRounds "9"]
[EventCountry "ITA"]
[SourceTitle "CBM 214 Extra"]
[Source "ChessBase"]
[SourceDate "2023.07.31"]
[SourceVersion "1"]
[SourceVersionDate "2023.07.31"]
[SourceQuality "1"]

1. d4 d5 2. c4 dxc4 3. e4 e5 4. Nf3 Bb4+ 5. Bd2 Bxd2+ 6. Nbxd2 exd4 7. Bxc4 Nc6 8. 0-0 Nge7 9. Nb3 Ng6 10. Nfxd4 Nxd4 11. Nxd4 0-0 12. Nb5 Qe7 13. Rc1 a6 14. Nc3 c6 15. Qe2 Be6 16. g3 Bh3 17. f4 Bxf1 18. Kxf1 Rad8 19. e5 b5 20. Bb3 c5 21. Nd5 Qa7 22. Qe3 Ne7 23. Nxe7+ Qxe7 24. Rxc5 Rd3 25. Qxd3 Qxc5 26. Kg2 a5 27. a3 a4 28. Ba2 b4 29. axb4 Qxb4 30. Qc2 Qb7+ 31. Kh3 Qc8+ 32. Qxc8 Rxc8 33. Bb1 Rb8 34. Bc2 Rb4 35. Kg4 Rxb2 36. Bxa4 Rxh2 37. Bb3 h5+ 38. Kf3 h4 39. e6 Kf8 40. exf7 Rh3 41. Kf2 Rxg3 42. Bd5 Rg6 43. Kf3 h3 44. f5 Rg1 0-1

[Event "EU-ch Seniors 50 22nd"]
[Site "Acqui Terme"]
[Date "2023.05.30"]
[Round "5"]
[White "Lacasa Diaz, Jose Antonio"]
[Black "Dieu, Bruno"]
[Result "1-0"]
[WhiteElo "2359"]
[BlackElo "2251"]
[PlyCount "111"]
[EventDate "2023.05.26"]
[EventType "swiss"]
[EventRounds "9"]
[EventCountry "ITA"]
[SourceTitle "CBM 214 Extra"]
[Source "ChessBase"]
[SourceDate "2023.07.31"]
[SourceVersion "1"]
[SourceVersionDate "2023.07.31"]
[SourceQuality "1"]

1. e4 e6 2. d4 d5 3. e5 c5 4. c3 Nc6 5. Nf3 Nh6 6. a3 f6 7. Bxh6 gxh6 8. Bd3 fxe5 9. Nxe5 Nxe5 10. dxe5 Qg5 11. 0-0 Qxe5 12. Re1 Qf6 13. Qh5+ Kd8 14. Nd2 Qg5 15. Qe2 Bd6 16. c4 Bd7 17. Rad1 Kc7 18. b4 Rhg8 19. g3 Raf8 20. Be4 Ba4 21. Nf3 Bxd1 22. Rxd1 Qg4 23. cxd5 Rf4 24. bxc5 Bxc5 25. d6+ Kb8 26. d7 Bb6 27. d8Q+ Rxd8 28. Rxd8+ Bxd8 29. Qd2 Bc7 30. Ne5 Qg5 31. Qxf4 Bxe5 32. Qf8+ Kc7 33. Qf7+ Kd6 34. Qxb7 Qc1+ 35. Kg2 Qc7 36. Qb4+ Qc5 37. Qb8+ Qc7 38. Qf8+ Qe7 39. Qxh6 Bd4 40. Qxh7 Qf6 41. Bf3 Qg5 42. Qd3 Qc5 43. a4 Kc7 44. Qe2 Kd6 45. Be4 Qc3 46. Qc2 Qxc2 47. Bxc2 e5 48. g4 Ke6 49. h4 a5 50. Kg3 Kf6 51. g5+ Kg7 52. h5 Kf7 53. Be4 Bc5 54. h6 Be7 55. g6+ Kf6 56. g7 1-0

[Event "Reykjavik op"]
[Site "Reykjavik"]
[Date "2023.04.04"]
[Round "9"]
[White "Dieu, Bruno"]
[Black "Thorsteinsdottir, Hallgerdur"]
[Result "1-0"]
[WhiteElo "2219"]
[BlackElo "1978"]
[PlyCount "49"]
[EventDate "2023.03.29"]
[EventType "swiss"]
[EventRounds "9"]
[EventCountry "ISL"]
[SourceTitle "EXT 2024"]
[Source "ChessBase"]
[SourceDate "2023.10.10"]
[SourceVersion "1"]
[SourceVersionDate "2023.10.10"]
[SourceQuality "1"]

1. d4 Nf6 2. c4 e6 3. Nc3 Bb4 4. e3 0-0 5. Bd3 d5 6. Nf3 b6 7. 0-0 Bb7 8. a3 Be7 9. cxd5 exd5 10. b4 a6 11. Bb2 Nbd7 12. Ne5 Bd6 13. f4 Ne4 14. Nxe4 dxe4 15. Bc4 Nf6 16. Rc1 Nd5 17. Qb3 Be7 18. b5 axb5 19. Bxb5 Qd6 20. Bc6 Bxc6 21. Rxc6 Qd8 22. Rfc1 Ra7 23. R6c2 Qd6 24. Nc6 Rb7 25. Qxd5 1-0

[Event "Cappelle op 39th"]
[Site "Cappelle la Grande"]
[Date "2023.02.20"]
[Round "3"]
[White "Dieu, Bruno"]
[Black "Velten, Paul"]
[Result "0-1"]
[WhiteElo "2232"]
[BlackElo "2470"]
[PlyCount "112"]
[EventDate "2023.02.18"]
[EventType "swiss"]
[EventRounds "9"]
[EventCountry "FRA"]
[SourceTitle "CBM 213 Extra"]
[Source "ChessBase"]
[SourceDate "2023.05.31"]
[SourceVersion "1"]
[SourceVersionDate "2023.05.31"]
[SourceQuality "1"]

1. d4 d5 2. Nf3 Nf6 3. e3 c5 4. Nbd2 Nc6 5. Be2 Bf5 6. 0-0 e6 7. a3 cxd4 8. exd4 Bd6 9. Re1 0-0 10. c4 dxc4 11. Nxc4 h6 12. h3 Rc8 13. Be3 Bb8 14. Qb3 Be4 15. Rac1 Qe7 16. Nce5 a6 17. Nxc6 Bxc6 18. Ne5 Bd5 19. Qd3 Be4 20. Qb3 Rcd8 21. Red1 Rd5 22. Bc4 Rdd8 23. a4 Bd5 24. Bd2 Bxc4 25. Qxc4 Nd5 26. Ba5 Rde8 27. Rd3 Bxe5 28. dxe5 Qg5 29. Re1 Rc8 30. Qe4 Qg6 31. Qd4 Rc2 32. Bd2 Rfc8 33. b3 Ne7 34. Rf3 Nf5 35. Qb4 Rd8 36. Be3 Rd7 37. Kh2 Kh7 38. Qg4 Rd3 39. Qb4 Nxe3 40. Rexe3 Rxf2 41. Rg3 Rxe3 42. Rxg6 fxg6 43. Qxb7 Rxe5 44. Qxa6 Ree2 45. Qc6 e5 46. h4 e4 47. Kg3 Rxg2+ 48. Kf4 Rgf2+ 49. Ke5 e3 50. Kd4 h5 51. Qh1 Rh2 52. Qg1 Rxh4+ 53. Kd3 Rb2 54. Kxe3 Rxb3+ 55. Kd2 Rh2+ 56. Kc1 Rbb2 0-1

[Event "Poitiers Futuroscope Rapid"]
[Site "Poitiers"]
[Date "2019.12.01"]
[Round "4.2"]
[White "Dieu, Bruno"]
[Black "Edouard, Romain"]
[Result "0-1"]
[WhiteElo "2223"]
[BlackElo "2635"]
[PlyCount "72"]
[EventDate "2019.12.01"]
[EventType "swiss (rapid)"]
[EventRounds "7"]
[EventCountry "FRA"]
[SourceTitle "EXT 2021"]
[Source "ChessBase"]
[SourceDate "2020.10.23"]
[SourceVersion "1"]
[SourceVersionDate "2020.10.23"]
[SourceQuality "1"]

1. Nc3 c5 2. Nf3 g6 3. d4 cxd4 4. Nxd4 Bg7 5. g3 Nc6 6. Nxc6 bxc6 7. Bg2 d5 8. 0-0 e6 9. Na4 Ne7 10. c4 0-0 11. Qc2 Ba6 12. cxd5 cxd5 13. Be3 Nf5 14. Bc5 Rc8 15. Qd2 Re8 16. Rac1 Bb5 17. b3 Bh6 18. f4 d4 19. Bxa7 e5 20. Rxc8 Qxc8 21. Rc1 Qa6 22. Rc7 exf4 23. Bd5 Re7 24. Rxe7 Nxe7 25. Qxd4 Nxd5 26. Qxd5 Qxa7+ 27. Kg2 Bxa4 28. bxa4 Qxa4 29. g4 Bf8 30. Kf3 Qa3+ 31. Kg2 Qe3 32. Qc4 Bc5 33. a4 h6 34. Qd3 Qg1+ 35. Kh3 Qf1+ 36. Kh4 Bf2+ 0-1

[Event "Le Port Marly Paribas blitz op"]
[Site "Le Port Marly"]
[Date "2014.??.??"]
[Round "3"]
[White "Karagyozian, Edgar"]
[Black "Dieu, Bruno"]
[Result "1-0"]
[WhiteElo "2017"]
[BlackElo "2276"]
[PlyCount "165"]
[EventDate "2014.06.14"]
[EventType "swiss (blitz)"]
[EventRounds "15"]
[EventCountry "FRA"]
[SourceTitle "EXT 2015"]
[Source "ChessBase"]
[SourceDate "2014.11.20"]
[SourceVersion "1"]
[SourceVersionDate "2014.11.20"]
[SourceQuality "1"]

1. d4 d5 2. Nf3 e6 3. Bf4 c5 4. e3 Nc6 5. c3 Nf6 6. Bd3 Be7 7. h3 Qb6 8. Qc1 Bd7 9. Nbd2 Rc8 10. 0-0 cxd4 11. exd4 Nb4 12. Bb1 Bb5 13. Rd1 Nd3 14. Bxd3 Bxd3 15. Ne5 Ba6 16. Nf1 0-0 17. Ng3 Rfd8 18. Qd2 Bb5 19. Re1 Be8 20. h4 a5 21. h5 a4 22. a3 Ne4 23. Nxe4 dxe4 24. Rxe4 f6 25. Nf3 Bxh5 26. Re3 e5 27. Qe2 Bxa3 28. Rxa3 exf4 29. Re4 Re8 30. Rxa4 Qc6 31. Rxe8+ Bxe8 32. Rb4 Bh5 33. d5 Qxd5 34. Rxf4 b5 35. Rd4 Qc6 36. Rd3 Re8 37. Qd2 h6 38. Rd6 Qe4 39. Qd5+ Qxd5 40. Rxd5 Bxf3 41. gxf3 b4 42. cxb4 Re2 43. b3 Rb2 44. Rd3 Kf7 45. b5 Rc2 46. Rd4 Rc3 47. Rb4 Ke6 48. Kg2 Kd6 49. f4 g5 50. fxg5 hxg5 51. f3 f5 52. b6 Rc8 53. Rb5 Rb8 54. Rxf5 Ke6 55. Rxg5 Kf6 56. Rb5 Ke6 57. f4 Kd6 58. Kf3 Kc6 59. Rb4 Kc5 60. Rc4+ Kd5 61. Rc3 Rxb6 62. Kg4 Ke6 63. Re3+ Kf6 64. Rc3 Rd6 65. b4 Rb6 66. Rc4 Rb5 67. f5 Rb8 68. Kf4 Rh8 69. Rc6+ Ke7 70. b5 Rh4+ 71. Ke5 Rb4 72. f6+ Kf7 73. Rc7+ Kg6 74. Rb7 Rb1 75. f7 Kg7 76. Kd6 Rd1+ 77. Kc5 Rc1+ 78. Kb6 Kf8 79. Rc7 Ra1 80. Kb7 Rb1 81. b6 Ra1 82. Kb8 Rb1 83. b7 1-0

[Event "Le Port Marly Paribas blitz op"]
[Site "Le Port Marly"]
[Date "2014.??.??"]
[Round "12"]
[White "Sotelo, Renzo"]
[Black "Dieu, Bruno"]
[Result "0-1"]
[WhiteElo "2061"]
[BlackElo "2276"]
[PlyCount "70"]
[EventDate "2014.06.14"]
[EventType "swiss (blitz)"]
[EventRounds "15"]
[EventCountry "FRA"]
[SourceTitle "EXT 2015"]
[Source "ChessBase"]
[SourceDate "2014.11.20"]
[SourceVersion "1"]
[SourceVersionDate "2014.11.20"]
[SourceQuality "1"]

1. e4 e6 2. Nf3 d5 3. Nc3 Nf6 4. e5 Nfd7 5. Ne2 c5 6. d4 cxd4 7. Nexd4 Nc6 8. Nxc6 bxc6 9. Bd3 c5 10. c3 Qb6 11. Qe2 a5 12. 0-0 Ba6 13. Bxa6 Qxa6 14. Qe3 h6 15. Rd1 Be7 16. Qf4 a4 17. a3 Qe2 18. Re1 Qc2 19. h4 g5 20. Qg3 gxh4 21. Nxh4 0-0-0 22. Nf3 Rdg8 23. Qf4 Rg7 24. Be3 Rhg8 25. g3 Rg4 26. Rac1 Rxf4 27. Rxc2 Rxf3 28. Kg2 Rf5 29. f4 h5 30. Kf3 Nxe5+ 31. Kf2 h4 32. Rg1 hxg3+ 33. Rxg3 Bh4 34. Ke2 Rxg3 35. fxe5 Rxe5 0-1

[Event "Avoine op 28th"]
[Site "Avoine"]
[Date "2013.07.27"]
[Round "8"]
[White "Garnier, Teddy"]
[Black "Dieu, Bruno"]
[Result "0-1"]
[WhiteElo "2069"]
[BlackElo "2253"]
[PlyCount "84"]
[EventDate "2013.07.20"]
[EventType "swiss"]
[EventRounds "9"]
[EventCountry "FRA"]
[SourceTitle "CBM 155 Extra"]
[Source "ChessBase"]
[SourceDate "2013.08.26"]
[SourceVersion "1"]
[SourceVersionDate "2013.08.26"]
[SourceQuality "1"]

1. e4 e6 2. d4 d5 3. Nd2 Nf6 4. e5 Nfd7 5. Bd3 c5 6. c3 Nc6 7. Ngf3 g6 8. h4 h6 9. a3 a5 10. 0-0 cxd4 11. cxd4 g5 12. hxg5 hxg5 13. g4 Be7 14. b3 Qb6 15. Bb2 Nf8 16. Kg2 Bd7 17. Qe2 Na7 18. Rh1 Rg8 19. Rh6 Bb5 20. Bxb5+ Nxb5 21. a4 Na7 22. Qe3 Rc8 23. Rc1 Rxc1 24. Bxc1 Nc6 25. Bb2 Ng6 26. Kg3 Nf4 27. Rh7 Nb4 28. Ne1 Qc6 29. Ba3 Nc2 30. Nxc2 Qxc2 31. Bxe7 Qxh7 32. Bxg5 Nd3 33. Bf6 Kd7 34. Nf3 Nb4 35. Ng5 Qh1 36. Qe2 Qg1+ 37. Kf3 Nc6 38. Qd3 Rg6 39. Qe3 Qd1+ 40. Kg3 Nxd4 41. f4 Rh6 42. f5 Rh1 0-1

[Event "Avoine op 28th"]
[Site "Avoine"]
[Date "2013.07.22"]
[Round "3"]
[White "Jianu, Vlad Cristian"]
[Black "Dieu, Bruno"]
[Result "1-0"]
[WhiteElo "2560"]
[BlackElo "2253"]
[PlyCount "70"]
[EventDate "2013.07.20"]
[EventType "swiss"]
[EventRounds "9"]
[EventCountry "FRA"]
[SourceTitle "CBM 155 Extra"]
[Source "ChessBase"]
[SourceDate "2013.08.26"]
[SourceVersion "1"]
[SourceVersionDate "2013.08.26"]
[SourceQuality "1"]

1. Nf3 Nf6 2. c4 g6 3. g3 Bg7 4. Bg2 0-0 5. 0-0 d6 6. d4 Nbd7 7. Nc3 c6 8. h3 Re8 9. e4 e5 10. Be3 exd4 11. Nxd4 Nc5 12. Qc2 a5 13. Rfe1 Bd7 14. Rad1 Qc7 15. f4 Re7 16. Bf2 h5 17. Re2 Rae8 18. Rde1 Bc8 19. b3 Nfd7 20. Rd1 Na6 21. a3 Ndc5 22. Red2 Qb6 23. Rb1 Qc7 24. b4 axb4 25. axb4 Ne6 26. Nde2 Nf8 27. b5 Nc5 28. Rbd1 Nxe4 29. b6 Qb8 30. Bxe4 Rxe4 31. Nxe4 Bf5 32. N2c3 Bxc3 33. Qxc3 Rxe4 34. Rxd6 Ne6 35. Qf6 Qe8 1-0

[Event "Le Port Marly Paribas blitz op"]
[Site "Le Port Marly"]
[Date "2013.06.15"]
[Round "1"]
[White "Dieu, Bruno"]
[Black "Cahen, Alexis"]
[Result "1-0"]
[WhiteElo "2360"]
[BlackElo "1850"]
[PlyCount "47"]
[EventDate "2013.06.15"]
[EventType "swiss (blitz)"]
[EventRounds "15"]
[EventCountry "FRA"]
[SourceTitle "EXT 2014"]
[Source "ChessBase"]
[SourceDate "2013.11.20"]
[SourceVersion "1"]
[SourceVersionDate "2013.11.20"]
[SourceQuality "1"]

1. Nc3 d5 2. e4 d4 3. Nce2 e5 4. Ng3 c5 5. Bc4 Nc6 6. d3 Be7 7. Nf3 Nf6 8. 0-0 0-0 9. Bd2 a6 10. a3 b5 11. Ba2 Bb7 12. Qe2 Nd7 13. Nf5 Qc7 14. Nxe7+ Nxe7 15. Nh4 Kh8 16. f4 f6 17. f5 Nb6 18. Rf3 c4 19. Rh3 Rf7 20. Ba5 Rc8 21. Qh5 Kg8 22. Bb4 Nc6 23. Qxh7+ Kxh7 24. Ng6+ 1-0

[Event "Le Port Marly Paribas blitz op"]
[Site "Le Port Marly"]
[Date "2013.06.15"]
[Round "3"]
[White "Dieu, Bruno"]
[Black "Devallee, Jeremie"]
[Result "1-0"]
[WhiteElo "2360"]
[BlackElo "2190"]
[PlyCount "51"]
[EventDate "2013.06.15"]
[EventType "swiss (blitz)"]
[EventRounds "15"]
[EventCountry "FRA"]
[SourceTitle "EXT 2014"]
[Source "ChessBase"]
[SourceDate "2013.11.20"]
[SourceVersion "1"]
[SourceVersionDate "2013.11.20"]
[SourceQuality "1"]

1. d4 d5 2. Nf3 Nf6 3. e3 e6 4. Bd3 c5 5. b3 Nc6 6. Bb2 Bd6 7. 0-0 Qe7 8. c4 0-0 9. Ne5 cxd4 10. exd4 Bd7 11. a3 dxc4 12. bxc4 Rfd8 13. Qe2 Rac8 14. Nd2 Be8 15. Ndf3 Bb8 16. Nxc6 bxc6 17. Rac1 Nh5 18. g3 Nf6 19. Rfd1 h6 20. Bb1 Bd7 21. Ne5 Re8 22. Qc2 c5 23. Ng4 Bc6 24. d5 Ba4 25. Nxf6+ Qxf6 26. Qh7+ 1-0

[Event "Le Port Marly Paribas blitz op"]
[Site "Le Port Marly"]
[Date "2013.06.15"]
[Round "2"]
[White "Dubocage, Claude"]
[Black "Dieu, Bruno"]
[Result "0-1"]
[WhiteElo "2050"]
[BlackElo "2360"]
[PlyCount "80"]
[EventDate "2013.06.15"]
[EventType "swiss (blitz)"]
[EventRounds "15"]
[EventCountry "FRA"]
[SourceTitle "EXT 2014"]
[Source "ChessBase"]
[SourceDate "2013.11.20"]
[SourceVersion "1"]
[SourceVersionDate "2013.11.20"]
[SourceQuality "1"]

1. d4 d5 2. Nf3 c5 3. g3 Nc6 4. Bg2 e6 5. 0-0 Nf6 6. c3 Be7 7. Bf4 Qb6 8. dxc5 Qxb2 9. Nbd2 Qxc3 10. Bd6 Bxd6 11. cxd6 Qb4 12. Re1 Qxd6 13. e4 dxe4 14. Ng5 0-0 15. Ngxe4 Nxe4 16. Bxe4 Bd7 17. Qc2 f5 18. Bg2 Rac8 19. Rad1 Nd4 20. Qd3 Bb5 21. Qe3 Qb6 22. Nf3 Nxf3+ 23. Qxf3 Bc6 24. Qe2 Bxg2 25. Kxg2 Rc6 26. Rb1 Qc7 27. a4 Rd8 28. Rb5 a6 29. Re5 Rdd6 30. Qa2 Qf7 31. Rb1 b6 32. Qe2 Qb7 33. Kg1 Kf7 34. g4 g6 35. gxf5 gxf5 36. Qh5+ Kg8 37. Re3 Rd4 38. Qe8+ Kg7 39. Rxe6 Rxe6 40. Qxe6 Rg4+ 0-1

[Event "Le Port Marly Paribas blitz op"]
[Site "Le Port Marly"]
[Date "2013.06.15"]
[Round "14"]
[White "Guliyev, Namig"]
[Black "Dieu, Bruno"]
[Result "1-0"]
[WhiteElo "2580"]
[BlackElo "2360"]
[PlyCount "77"]
[EventDate "2013.06.15"]
[EventType "swiss (blitz)"]
[EventRounds "15"]
[EventCountry "FRA"]
[SourceTitle "EXT 2014"]
[Source "ChessBase"]
[SourceDate "2013.11.20"]
[SourceVersion "1"]
[SourceVersionDate "2013.11.20"]
[SourceQuality "1"]

1. e4 e6 2. d4 d5 3. Nc3 Bb4 4. e5 c5 5. a3 Bxa3 6. bxa3 Qc7 7. Nf3 b6 8. Bb5+ Bd7 9. Bd3 Ba4 10. Bd2 Nc6 11. 0-0 c4 12. Be2 h6 13. Ne1 Nge7 14. f4 Kd7 15. g3 Qd8 16. Ng2 Qg8 17. Ne3 Qh7 18. Rf2 Rag8 19. Rc1 g5 20. Ng4 Kc7 21. Nf6 Qg7 22. Nxg8 Rxg8 23. fxg5 hxg5 24. Bg4 Nd8 25. Qf3 Qg6 26. Be3 Rg7 27. Qf6 Kd7 28. Qxg6 Rxg6 29. Rcf1 Rg7 30. h3 b5 31. Kg2 a5 32. Bc1 Ke8 33. Bh5 Kf8 34. g4 Ke8 35. Kg3 Nec6 36. h4 gxh4+ 37. Kxh4 b4 38. axb4 axb4 39. Bf4 1-0

[Event "Avoine op 27th"]
[Site "Avoine"]
[Date "2012.07.24"]
[Round "4"]
[White "Nabavi, Parwis"]
[Black "Dieu, Bruno"]
[Result "1-0"]
[WhiteElo "2164"]
[BlackElo "2279"]
[PlyCount "121"]
[EventDate "2012.07.21"]
[EventType "swiss"]
[EventRounds "9"]
[EventCountry "FRA"]
[SourceTitle "CBM 149 Extra"]
[Source "ChessBase"]
[SourceDate "2012.08.24"]
[SourceVersion "1"]
[SourceVersionDate "2012.08.24"]
[SourceQuality "1"]

1. d4 e6 2. c4 b6 3. Nf3 Bb7 4. g3 f5 5. Bg2 Nf6 6. 0-0 Be7 7. Nc3 0-0 8. Qc2 a5 9. Bf4 Na6 10. Rad1 Qe8 11. Bg5 Qh5 12. Bxf6 Rxf6 13. d5 Rh6 14. h3 Nc5 15. Nd4 Rf8 16. f4 g5 17. e3 g4 18. h4 Bxh4 19. gxh4 Qxh4 20. Rf2 Rff6 21. Kf1 Qg3 22. Ke2 Rh2 23. Rg1 Rfh6 24. Qd2 R6h3 25. Ndb5 e5 26. fxe5 Qxe5 27. Bxh3 Rxf2+ 28. Kxf2 h5 29. Nd4 Kf7 30. Bg2 h4 31. Qc2 Kf6 32. Qxf5+ Qxf5+ 33. Nxf5 Kxf5 34. Ke2 h3 35. Bxh3 gxh3 36. Rg3 a4 37. Rxh3 Ba6 38. Rh4 Ke5 39. Kd2 c6 40. dxc6 dxc6 41. Kc2 Bc8 42. Ne2 Bf5+ 43. Kc3 Ne4+ 44. Kb4 Nc5 45. Rh5 Ne4 46. Kxa4 Nf6 47. Rg5 Ne4 48. Rxf5+ Kxf5 49. Nd4+ Ke5 50. Nxc6+ Kd6 51. Kb5 Kc7 52. Nd4 Kb7 53. Ne6 Nd6+ 54. Kb4 Nf5 55. e4 Nd6 56. Ng5 Kc6 57. e5 Nf5 58. Nf3 Ng7 59. Nd4+ Kb7 60. a4 Ne8 61. a5 1-0

[Event "FRA-chT1A 1112"]
[Site "France"]
[Date "2012.01.15"]
[Round "7.5"]
[White "Dieu, Bruno"]
[Black "Le Hetet, Nicolas"]
[Result "1-0"]
[WhiteElo "2285"]
[BlackElo "2143"]
[PlyCount "43"]
[EventDate "2011.10.16"]
[EventType "team-tourn"]
[EventRounds "11"]
[EventCountry "FRA"]
[SourceTitle "EXT 2013"]
[Source "ChessBase"]
[SourceDate "2012.11.22"]
[SourceVersion "1"]
[SourceVersionDate "2012.11.22"]
[SourceQuality "1"]
[WhiteTeam "Tours"]
[BlackTeam "Agen"]
[WhiteTeamCountry "FRA"]
[BlackTeamCountry "FRA"]

1. d4 d5 2. Nf3 Nf6 3. e3 Bg4 4. c4 Bxf3 5. gxf3 e6 6. Qb3 b6 7. Nc3 Be7 8. Bg2 c6 9. Bd2 0-0 10. 0-0 Nbd7 11. f4 Rc8 12. cxd5 cxd5 13. Rfc1 Ne8 14. Nb5 a6 15. Na7 Rxc1+ 16. Rxc1 Qa8 17. Nc8 Bd6 18. Nxb6 Qb7 19. Nxd7 Qxd7 20. Qb6 Nc7 21. Rc6 Rd8 22. Ba5 1-0

[Event "Avoine op 26th"]
[Site "Avoine"]
[Date "2011.07.29"]
[Round "7"]
[White "Gaudin, Eric"]
[Black "Dieu, Bruno"]
[Result "0-1"]
[WhiteElo "1901"]
[BlackElo "2298"]
[PlyCount "114"]
[EventDate "2011.07.23"]
[EventType "swiss"]
[EventRounds "9"]
[EventCountry "FRA"]
[SourceTitle "EXT 2012"]
[Source "ChessBase"]
[SourceDate "2011.11.24"]
[SourceVersion "1"]
[SourceVersionDate "2011.11.24"]
[SourceQuality "1"]

1. e4 Nc6 2. d4 d5 3. Nc3 dxe4 4. d5 Nb8 5. Nxe4 c6 6. Bc4 cxd5 7. Qxd5 Qxd5 8. Bxd5 e6 9. Bb3 Bd7 10. Bf4 Bc6 11. f3 Bxe4 12. fxe4 Nf6 13. e5 Ne4 14. Be3 Bc5 15. Bxc5 Nxc5 16. Bc4 a6 17. Nf3 Nc6 18. 0-0-0 Ke7 19. Rhe1 Rad8 20. Rxd8 Rxd8 21. a3 b5 22. Bb3 h6 23. h4 a5 24. Re3 b4 25. Bc4 Nd4 26. c3 Nxf3 27. gxf3 bxa3 28. bxa3 g5 29. hxg5 hxg5 30. Kc2 Rh8 31. Re2 Rh3 32. Rf2 g4 33. Be2 g3 34. Rg2 Rh2 35. Bf1 f6 36. exf6+ Kxf6 37. Kd1 Rxg2 38. Bxg2 Kg5 39. Ke2 Kf4 40. Bh1 e5 41. Bg2 Kg5 42. Ke3 Ne6 43. Ke4 Nf4 44. Bf1 Kf6 45. c4 Ke6 46. c5 g2 47. Bxg2 Nxg2 48. c6 Kd6 49. c7 Kxc7 50. Kxe5 Kc6 51. Kd4 Kb5 52. Kc3 Ka4 53. Kb2 Nf4 54. Kc2 Kxa3 55. Kc3 a4 56. Kc2 Kb4 57. Kb2 a3+ 0-1

[Event "Avoine op 25th"]
[Site "Avoine"]
[Date "2010.07.23"]
[Round "7"]
[White "Dieu, Bruno"]
[Black "Terrieux, Kevin"]
[Result "1/2-1/2"]
[WhiteElo "2216"]
[BlackElo "2437"]
[PlyCount "47"]
[EventDate "2010.07.17"]
[EventType "swiss"]
[EventRounds "9"]
[EventCountry "FRA"]
[SourceTitle "EXT 2011"]
[Source "ChessBase"]
[SourceDate "2010.11.26"]
[SourceVersion "1"]
[SourceVersionDate "2010.11.26"]
[SourceQuality "1"]

1. d4 Nf6 2. Nf3 g6 3. c4 Bg7 4. Nc3 d6 5. e4 0-0 6. Be2 Na6 7. Qc2 Nb4 8. Qb3 a5 9. 0-0 e5 10. dxe5 dxe5 11. Rd1 Nd7 12. Bg5 Bf6 13. Bxf6 Qxf6 14. Nd5 Nxd5 15. cxd5 Nc5 16. Qe3 b6 17. b3 Bb7 18. Rac1 c6 19. Bc4 Rad8 20. a3 Qf4 21. Qxf4 exf4 22. dxc6 Rxd1+ 23. Rxd1 Bxc6 24. Ra1 1/2-1/2